=LDR 00000nam 2200000 4500 =001 INLIS000000000011255 =005 20130612102834 =008 ***********************************Ind** =035 ##$$0010-061300000011255 =041 ##$$a Ind =082 ##$$a 651 =090 ##$$a 651, Bar a =100 ##$$a Banish, Norman M =245 ##$$a Analisa administrasi, Analisa sistem-sistem bagi administrasi yang efektif, Norman N. Banish; penyadur, S. Pamudji =260 ##$$a 1981 $b Jakarta =300 ##$$a 208 hlm., ilus, 21 cm =650 ##$$a Administrasi- Analisis =850 ##$$a NBPNMAT =990 ##$$a 0001/BPAP-NTB/2016